Teória a prax sociálnej politiky a racionálnej zamestnanosti zborník : Tále apríl 1984

Enregistré dans:
Détails bibliographiques
Format: Livre
Langue:slovaque
Publié: Banská Bystrica Dom techniky ČSVTS 1984
Tags: Ajouter un tag
Pas de tags, Soyez le premier à ajouter un tag!

MARC

LEADER 00000nam a2200000 4500
001 c106678
005 20181203150255.8
041 0 |a slo 
044 |a SK 
245 1 0 |a Teória a prax sociálnej politiky a racionálnej zamestnanosti  |b zborník : Tále apríl 1984 
264 1 |a Banská Bystrica  |b Dom techniky ČSVTS  |c 1984 
300 |a 164 s.